|
|
|
|
| LEADER |
01019nam a22002772a 4500 |
| 001 |
000231496 |
| 003 |
CZ BrMZK |
| 005 |
20150828114216.0 |
| 007 |
ta |
| 008 |
950101s1954 xr af f cze d |
| 015 |
|
|
|a cnb000510832
|
| 035 |
|
|
|a (OCoLC)85317163
|
| 040 |
|
|
|a ABA001
|b cze
|c CBA001
|d BOA001
|
| 100 |
1 |
|
|a Hanuš, Pavel,
|d 1928-1991
|7 jk01033496
|4 com
|
| 245 |
1 |
0 |
|a Žijí v nás :
|b sborník básní a skladeb lidových autorů a skladatelů k úmrtí J.V. Stalina a Klementa Gottwalda /
|c sestavil Pavel Hanuš, Karel Mlčoch ... [et al.]
|
| 250 |
|
|
|a 1. vyd.
|
| 260 |
|
|
|a Praha :
|b Orbis,
|c 1954
|
| 300 |
|
|
|a 105 s., obr. příl. :
|b il., noty
|
| 490 |
1 |
|
|a Knihovna souborů lidové tvořivosti
|
| 500 |
|
|
|a 3300 výt.
|
| 700 |
1 |
|
|a Mlčoch, Karel,
|d 1907-1996
|7 jk01081900
|4 com
|
| 830 |
|
0 |
|a Knihovna souborů lidové tvořivosti (Orbis)
|
| 910 |
|
|
|a BOA001
|b 2-0319.965
|
| 990 |
|
|
|a BK
|
| 991 |
|
|
|b 201503
|
| 996 |
6 |
|
|b 2619894890
|c 2-0319.965
|l MZK
|r Sklad / do 24 hodin
|n 2
|w 000231496
|u 000010
|a 1
|e BOA001
|j MZK50
|s P
|